|
|
|
|
| LEADER |
00000nam a2200000 a 4500 |
| 001 |
vtls009281547 |
| 003 |
SK-MaSNL |
| 005 |
20260301081556.0 |
| 007 |
co bg anuua |
| 008 |
240314s2008 xo fsp 001 0 slo |
| 015 |
|
|
|a SNBS2008/02-00883
|
| 020 |
|
|
|a 9788022728379
|q (elektronická kniha)
|
| 040 |
|
|
|a SNK
|b slo
|c SNK
|e AACR2
|
| 041 |
0 |
|
|a slo
|
| 044 |
|
|
|a xo
|c SK
|
| 072 |
|
7 |
|a 510
|x Všeobecné úvahy o matematike
|2 konspekt
|
| 080 |
|
|
|a 510
|2 2001
|
| 080 |
|
|
|a 510.6
|2 2001
|
| 080 |
|
|
|a 510.633
|2 2001
|
| 080 |
|
|
|a 510.22
|2 2001
|
| 080 |
|
|
|a 004.94
|2 2001
|
| 080 |
|
|
|a (075.8)
|2 2001
|
| 080 |
|
|
|a (0.034.44)
|2 2001
|
| 100 |
1 |
|
|a Knor, Martin,
|d 1967-
|4 aut
|9 208301
|
| 245 |
1 |
0 |
|a Matematická logika a diskrétne štruktúry
|h elektronický zdroj
|c Martin Knor
|
| 250 |
|
|
|a 1. vyd.
|
| 260 |
|
|
|a Bratislava
|b Slovenská technická univerzita
|c 2008
|
| 300 |
|
|
|a 1 elektronický optický disk (CD-ROM)
|c 12 cm
|
| 490 |
1 |
|
|a Edícia skrípt
|
| 500 |
|
|
|a Názov z titulnej obrazovky
|
| 504 |
|
|
|a Bibliogr. s. 93
|
| 516 |
|
|
|a Textový dokument (učebnica), 1 súbor vo formáte pdf
|
| 538 |
|
|
|a Technické požiadavky: Acrobat Reader
|
| 650 |
0 |
7 |
|a matematika
|2 SNKPH
|9 70174
|
| 650 |
0 |
7 |
|a matematická logika
|2 SNKPH
|9 50083
|
| 650 |
0 |
7 |
|a počítačové modelovanie
|2 SNKPH
|9 68153
|
| 650 |
0 |
7 |
|a teória množín
|2 SNKPH
|9 735
|
| 650 |
0 |
7 |
|a algebra
|2 SNKPH
|9 1101
|
| 650 |
0 |
7 |
|a výroková logika
|2 SNKPH
|9 67610
|
| 650 |
0 |
7 |
|a teória grafov
|2 SNKPH
|9 50114
|
| 655 |
|
7 |
|a elektronické zdroje
|2 SNKPH
|9 90954
|
| 655 |
|
7 |
|a CD-ROM
|2 SNKPH
|9 70236
|
| 655 |
|
7 |
|a učebnice vysokých škôl
|2 SNKPH
|9 70191
|
| 810 |
2 |
|
|a Slovenská technická univerzita v Bratislave
|t Edícia skrípt
|9 180632
|
| 919 |
|
|
|a 978-80-27-2837-9
|
| 958 |
|
|
|a NB
|
| 999 |
|
|
|c 656249
|d 658179
|
| 952 |
|
|
|a SNK
|b SNK
|y PREZ
|7 0
|p 17A0583936
|o snkSCDM 1867
|i snk2008/7395
|8 0
|0 0
|1 0
|4 0
|d 2008-04-02
|l 0
|r 2026-02-23 18:37:12
|w 2026-02-23
|
| 952 |
|
|
|t snkMAT 510
|a SNKMST
|b SNKMST
|y PREZ
|7 0
|p 17A0583937
|o snkSCDM 1867 D1
|i snk2008/7397
|8 0
|0 0
|1 0
|4 0
|d 2008-04-02
|l 0
|r 2025-08-11 00:00:00
|w 2026-02-23
|